000
00300nam a22001337a 4500
008
170316b xxu||||| |||| 00| 0 eng d
020
_a
9780683023442
041
_a
eng
080
_2
2ND
_a
616.8
100
_a
7
101
_a
SHM
245
_a
TEXTBOOK OF NEUROPATHOLOGY
_c
DAVIS, R.L
942
_2
udc
_c
BK
999
_c
8038
_d
8038